000 00284nam a2200097Ia 4500
008 240709s9999 xx 000 0 und d
041 _aeng
100 _aAlfred V. Aho, John E. Hopcroft, Jeffrey D. Ullman
_9207816
245 _aData Structures & Algorithms
260 _bPearson Education
999 _c358967
_d358967